00748nam a2200205 i 4500001000700000003000900007005001700016007000300033008004100036100002900077245009900106260003200205300002200237490003300259700003900292830003800331852003200369999001900401952012200420104464ES-MaACL20250804062542.0t|051130s1968 sp ||||1| spa d1 aMiller, George A.98120810aIntroducción a la psicología / cGeorge A. Miller; [traductor: Carlos Martín Ramírez]. aMadrid : bAlianza, c1968. a495 p. ; c18 cm.1 aEl libro de bolsillo ; v1301 aMartín Ramírez, Carlos.97761603aEl libro de bolsillov1309177802 aES-MaACLjC-34818 bR.67232 c104464d104464 00104070aATENEOMbATENEOMcDEPO2d2008-01-17eSCl0oC-34818p1109068r2023-02-23 00:00:00w2023-02-23yMONOGRAFIA